MARC

LEADER 00000nam0a2200000 4500
001 161498
005 20231031155922.0
020 |a RU  |b 92-6975 
035 |a (RuTPU)RU\TPU\book\175120 
090 |a 161498 
100 |a 20090609g1991 km a0rusy5003 ca 
101 0 |a rus 
102 |a RU 
105 |a y z 001zy 
200 1 |a Реакция Арбузова  |h Ч. !. Реакции эфиров кислот Р(III) с галогеносодержащими электрофильными соединениями  |f Т. Х. Газизов  |g Академия наук СССР (АН СССР), Казанский филиал, Институт органической и физической химии им. А. Е. Арбузова 
210 |a Казань  |d 1991 
215 |a 164 с. 
610 1 |a органическая химия 
610 1 |a химические реакции 
610 1 |a эфиры 
610 1 |a кислоты 
610 1 |a фосфорорганические соединения 
610 1 |a реакция Арбузова 
675 |a 547.1'118  |z rus 
700 1 |a Газизов  |b Т. Х.  |g Тагир Хасанович  |4 070 
712 0 2 |a Академия наук СССР (АН СССР)  |b Институт органической и физической химии им. А. Е. Арбузова (ИОФХ)  |c (Казань)  |2 stltpush  |3 (RuTPU)RU\TPU\col\12432 
801 0 |a RU  |b RuMRKP  |c 19950417  |g psbo 
801 1 |a RU  |b 63413507  |c 20090609  |g PSBO 
801 2 |a RU  |b 63413507  |c 20100421  |g PSBO 
942 |c BK